Statistics for UK Cities Beginning With B

Click here to take the quiz!

General Stats

  • This quiz has been taken 157 times
  • The average score is 5 of 7

Answer Stats

Nation Answer % Correct
EnglandBirmingham
97%
Northern IrelandBelfast
89%
EnglandBristol
80%
EnglandBrighton & Hove
74%
EnglandBradford
69%
EnglandBath
63%
WalesBangor
57%

Score Distribution

Percentile by Number Answered

Percent of People with Each Score

Your Score History

You have not taken this quiz